Liedtext-Bob der Baumeister-Yo! Wir schaffen das - Statistiken

Allgemein
  • Dieses Quiz wurde 117 mal gespielt
  • Das Durchschnittsergebnis liegt bei 50 aus 74
Antwortstatistiken
Antwort % Korrekt
das
98%
das
98%
das
98%
das
98%
das
98%
das!
98%
schaffen
98%
schaffen
98%
schaffen
98%
schaffen
98%
schaffen
98%
schaffen
98%
wir
98%
wir
98%
wir
98%
wir
98%
wir
98%
wir
98%
der
95%
der
95%
der
95%
der
95%
Bob
94%
Bob
94%
Bob
94%
Bob
94%
Yo
91%
Können
89%
Können
89%
Können
89%
Meister
86%
Meister
86%
Meister
86%
und
74%
und
74%
und
74%
und
74%
und
74%
Yo
66%
Yo
66%
die
60%
im
59%
auch
57%
den
57%
machen
57%
Mixy
56%
Bauarbeiter
54%
Bauarbeiter
54%
Bauarbeiter
54%
Buddel
54%
Job
54%
Rollo
54%
dazu
53%
nu
53%
Wendy
53%
Arbeit
52%
gehört
51%
so
50%
erledigt
48%
wird
47%
Doch
45%
Heppo
40%
Buggy
29%
sind
27%
an
22%
was
21%
vergnügt
15%
liegt
14%
nur
14%
Feder
13%
Rumpel
13%
Kuschel
12%
stehts
9%
Kolle
2%
Keine übereinstimmenden Quizze gefunden
Verteilung der Resultate
Anzahl Personen mit jedem Resultat
Perzentil nach korrekt beantworteten Fragen
Ihre Resultats-Entwicklung
Sie haben dieses Quiz noch nicht gespielt